000 00667cab a2200229 4500
001 WB2943-30
008 090401t1993 xxu||||| |||| 00| 0 eng d
035 _a(Sirsi) u72003
041 _aeng
245 _aFarmers feel hedged in
260 _c1993
350 _a0
490 _aFinancial Times
_v19 November 1993, 24(2)
520 _aDiscusses the attitudes of farmers towards giving greater access to their land to ramblers and the general public.
650 _aBRIDLEWAYS
650 _aCOUNTRYSIDE COMMISSION
650 _aFOOTPATHS
650 _aRIGHTS OF WAY
690 _aHIGHWAYS RIGHTS OF WAY AND EASEMENTS
942 _n0
948 _c04/03/1997
999 _c45420
_d45420